000 00847cam a22002054a 4500
005 20250605163939.0
008 250528s ||||||||||||||||||||||||d
035 _a14962
020 _a132414074
040 _aGR-AtMCL
_bgre
_dGR-AtMCL
_eAACR2
245 1 _aPractical Research / Planning and Design
250 _a6th
260 _bPrentice Hall,
_c1997
300 _a304
520 _aA comprehensive and practical guide to research methodology. The Fundamentals, What is Research, Tools of Research, Focusing Your Research Efforts, The Review of Related Literature, Writing the Research Proposal, Qualitative Research Methodologies, Historical Research, Quantitative Research Methodologies, The Experimental Study, Preparing the Research Report, Index.
700 1 _aLeedy D. Paul
_9781
942 _cBK
999 _c571
_d571